Holborn office market. - Autumn 1989 (Record no. 93312)

MARC details
000 -LEADER
fixed length control field 00502cam a2200193 4500
001 - CONTROL NUMBER
control field B3028
008 - FIXED-LENGTH DATA ELEMENTS--GENERAL INFORMATION
fixed length control field 090401t1989 xxu||||| |||| 00| 0 eng d
035 ## - SYSTEM CONTROL NUMBER
System control number (Sirsi) u53628
041 ## - LANGUAGE CODE
Language code of text/sound track or separate title eng
050 ## - LIBRARY OF CONGRESS CALL NUMBER
Classification number 333.3370942142
110 ## - MAIN ENTRY--CORPORATE NAME
Corporate name or jurisdiction name as entry element Debenham Tewson and Chinnocks
9 (RLIN) 3135
245 ## - TITLE STATEMENT
Title Holborn office market. - Autumn 1989
260 ## - PUBLICATION, DISTRIBUTION, ETC.
Place of publication, distribution, etc. London
Name of publisher, distributor, etc. Debenham Tewson and Chinnocks
Date of publication, distribution, etc. 1989
300 ## - PHYSICAL DESCRIPTION
Extent (4)p. : ill.,map ; 30cm.
350 ## - PRICE (NR) (BK AM CF MU VM SE) [OBSOLETE]
Price 10
650 ## - SUBJECT ADDED ENTRY--TOPICAL TERM
Topical term or geographic name entry element OFFICES
942 ## - ADDED ENTRY ELEMENTS (KOHA)
Suppress in OPAC 0
948 ## - LOCAL PROCESSING INFORMATION (OCLC); SERIES PART DESIGNATOR (RLIN)
c (OCLC) 04/03/1997
Holdings
Withdrawn status Lost status Source of classification or shelving scheme Damaged status Not for loan Home library Current library Shelving location Date acquired Cost, normal purchase price Total Checkouts Full call number Barcode Date last seen Copy number Cost, replacement price Price effective from Koha item type
    Dewey Decimal Classification     London London Property market reports 14/09/1999 10.00   LIBRARY ANNEXE 30031133 06/08/2019 1 10.00 06/08/2019 Book